000 00624nam a2200169Ia 4500
003 LK-CoDNM
008 010623t2011 xxu||||| |||| 00| 1 sin d
040 _aLK-CoDNM
_dLK-CoDNM
_eLK-CoDNM
041 _asin
080 _a294.3 NAN
100 _aNanda himi,Hiniduma
245 _aසුතවත් ආර්ය ශ්‍රාවකවකයින්ගේ දඹදිව බුද්ධ භූමි වන්දනා පොත
246 _aSuthawath Arya Shawakayinge Dabadiwa Buddha Bhumi Wandana Potha
260 _bMahamevnawa Thisarana Bhawana Asapuwa
_aKocchikade
_c2011
300 _b134, 21 cm
942 _cBK
999 _c131897
_d131897